Reglamento para los alumnos cultivadores prácticos de la Granja Experimental de Barcelona
Descripción Física:
11 p. ; 26 cm
MARC
| LEADER | 00000nam a2200000Ia 4500 | ||
|---|---|---|---|
| 001 | 19565 | ||
| 008 | 160829s1862 xx 000 0 cat d | ||
| 080 | |a 2520 | ||
| 110 | 2 | |a Granja Experimental de Barcelona |9 55359 | |
| 245 | |a Reglamento para los alumnos cultivadores prácticos de la Granja Experimental de Barcelona | ||
| 260 | |a Barcelona : |b Establecimiento Tipográfico de Narciso Ramírez, |c 1862 | ||
| 300 | |a 11 p. ; |c 26 cm | ||
| 590 | |a Hi ha un altre exemplar a la mateixa capsa | ||
| 650 | |a Granja Experimental de Barcelona |x Reglaments |9 48604 | ||
| 901 | |a Arxiu | ||
| 942 | |n 1 | ||
| 952 | |0 0 |1 0 |4 0 |6 2520 |7 1 |9 54694 |a Arxiu |b Arxiu |d 2016-12-01 |l 0 |o 2520 |p 19565 |r 2016-12-01 00:00:00 |w 2016-12-01 |y ARXIU | ||
| 999 | |c 58563 |d 58563 | ||